| 000 | 00994nam a2200253 i 4500 | ||
|---|---|---|---|
| 001 | bg | ||
| 245 | 0 | 0 |
_aPrzemiany w zakresie migracji ludności jako konsekwencja przystąpienia Polski do Unii Europejskiej / _cpod red. Piotra Korcellego. |
| 260 |
_aWarszawa : _bWydaw. Naukowe PWN, _c1998. |
||
| 300 |
_a201 s. : _bmapy, pl., wykr. ; _c21 cm. |
||
| 490 | 1 |
_aBiuletyn / Polska Akademia Nauk Komitet Przestrzennego Zagospodarowania Kraju, _x0079-3493 ; _vZ. 184 |
|
| 504 | _aBibliogr. przy art. | ||
| 650 | 9 |
_aMigracje _zPolska _yod 1989 r. |
|
| 700 | 1 |
_aKOŁODZIEJSKI, Jerzy. _eRed. |
|
| 700 | 1 |
_aPARTEKA, Tomasz. _eRed. |
|
| 710 | 0 |
_aPolska Akademia Nauk _bKomitet Przestrzennego Zagospodarowania Kraju |
|
| 830 | 0 |
_aBiuletyn (Polska Akademia Nauk Komitet Przestrzennego Zagospodarowania Kraju) ; _vZ. 184 |
|
| 020 | _a8301127902 | ||
| 040 | _cBPK | ||
| 041 | 0 | _apl | |
| 080 | _a314.7(438:4-67) | ||
| 920 | _a83-01-12790-2 | ||
| 942 | _cKS | ||
| 008 | s pl f |000 0 pol | ||
| 999 |
_c36819 _d36819 |
||
| 856 |
_uhttp://koha.tu.koszalin.pl/cgi-bin/koha/opac-detail.pl?biblionumber=36819 _yKatalog online BPK |
||